000 00524nam a22001937a 4500
003 OSt
005 20160624150556.0
008 160624b xxu||||| |||| 00| 0 eng d
020 _a0750634642
040 _cDNLM.
082 _aQU145S11n 1997.
100 _aSeabrook,Nicola;
_99571
245 _aNutrition in Genaral Practice.
_bGiving advice to Women.
260 _aBoston.
_bButterworth Heinemann.
_c1997.
300 _a202p;
_bill;
_c20cm.
504 _aincludes index.
650 _aNutrition.
_9321
942 _2z
_cO_SHELF
999 _c4460
_d4460